[Event "Athens Siaperas Memorial 12th"]
[Site "Athens"]
[Date "2016.01.23"]
[Round "3"]
[White "Krallis, Christos"]
[Black "Kontarinis, Andreas"]
[Result "1-0"]
[WhiteElo "1884"]
[BlackElo "1688"]
[PlyCount "56"]
[EventDate "2016.01.09"]
[EventType "swiss"]
[EventRounds "7"]
[EventCountry "GRE"]
[SourceTitle "EXT 2024"]
[Source "ChessBase"]
[SourceDate "2023.10.10"]
[SourceVersion "1"]
[SourceVersionDate "2023.10.10"]
[SourceQuality "1"]

1. e4 e6 2. d4 d5 3. exd5 exd5 4. Bd3 Bd6 5. Nf3 Ne7 6. 0-0 0-0 7. Re1 Bf5 8. c3 Bxd3 9. Qxd3 Qd7 10. Nbd2 c6 11. c4 Qf5 12. Qc3 b6 13. Nf1 dxc4 14. Qxc4 Qd5 15. Qc2 Nf5 16. Ne3 Nxe3 17. Bxe3 Nd7 18. Rac1 Rac8 19. Qa4 a5 20. Rc2 Nf6 21. Rec1 Ng4 22. Rxc6 b5 23. Qc2 Nxe3 24. fxe3 Rce8 25. e4 Bxh2+ 26. Kxh2 Rxe4 27. Rc8 g5 28. Rxf8+ Kxf8 1-0

[Event "Ambelokipi op 152th"]
[Site "Athens"]
[Date "2015.04.29"]
[Round "7"]
[White "Amanatidis, Stylianos"]
[Black "Kontarinis, Andreas"]
[Result "1/2-1/2"]
[WhiteElo "1495"]
[BlackElo "1658"]
[PlyCount "92"]
[EventDate "2015.03.04"]
[EventType "swiss"]
[EventRounds "7"]
[EventCountry "GRE"]
[SourceTitle "EXT 2024"]
[Source "ChessBase"]
[SourceDate "2023.10.10"]
[SourceVersion "1"]
[SourceVersionDate "2023.10.10"]
[SourceQuality "1"]

1. e4 e6 2. d3 c5 3. Nd2 d6 4. Ngf3 Nc6 5. g3 Nf6 6. Bg2 Be7 7. 0-0 0-0 8. Nc4 Qc7 9. Bd2 e5 10. Nh4 Bg4 11. Qc1 Nd4 12. Kh1 Nh5 13. Nf5 Nxf5 14. exf5 Bxf5 15. f4 exf4 16. gxf4 Nf6 17. Qe1 Rae8 18. Qg3 Nh5 19. Qf3 g6 20. Ne3 Ng7 21. Bc3 Qd7 22. Qxb7 Qxb7 23. Bxb7 Bh4 24. Bxg7 Kxg7 25. Nxf5+ gxf5 26. Rg1+ Kf6 27. Rg2 Rb8 28. Bd5 Rxb2 29. Bb3 Re8 30. Rag1 Re1 31. Rxe1 Bxe1 32. Re2 Rb1 33. Kg2 Bc3 34. Re8 Bd2 35. Rf8 Bxf4 36. Rxf7+ Kg6 37. Rxa7 Re1 38. a4 Be5 39. a5 Re2+ 40. Kf3 Rxh2 41. a6 Rh3+ 42. Kg2 Rg3+ 43. Kf1 Bd4 44. Rd7 Rg1+ 45. Ke2 Rg2+ 46. Kf1 Rg1+ 1/2-1/2

[Event "Ambelokipi op 134th"]
[Site "Athens"]
[Date "2013.05.22"]
[Round "2"]
[White "Aggelakis, Ioannis"]
[Black "Kontarinis, Andreas"]
[Result "0-1"]
[WhiteElo "1000"]
[BlackElo "1748"]
[PlyCount "40"]
[EventDate "2013.05.15"]
[EventType "swiss"]
[EventRounds "7"]
[EventCountry "GRE"]
[SourceTitle "EXT 2024"]
[Source "ChessBase"]
[SourceDate "2023.10.10"]
[SourceVersion "1"]
[SourceVersionDate "2023.10.10"]
[SourceQuality "1"]

1. e4 e6 2. d4 d5 3. e5 c5 4. c3 Qb6 5. f4 Bd7 6. Nf3 Bb5 7. Bxb5+ Qxb5 8. a4 Qa6 9. Nbd2 Nc6 10. Qc2 cxd4 11. Nxd4 Nxd4 12. cxd4 Bb4 13. b3 Ne7 14. Bb2 Rc8 15. Qd1 0-0 16. Kf2 Qd3 17. Nf3 Rc2+ 18. Kg3 Qg6+ 19. Ng5 Nf5+ 20. Kh3 Qh6+ 0-1

[Event "Athens op 06"]
[Site "Athens"]
[Date "2012.07.03"]
[Round "7"]
[White "Karatzanos, Konstantinos"]
[Black "Kontarinis, Andreas"]
[Result "0-1"]
[WhiteElo "1412"]
[BlackElo "1787"]
[PlyCount "48"]
[EventDate "2012.06.02"]
[EventType "swiss"]
[EventRounds "7"]
[EventCountry "GRE"]
[SourceTitle "EXT 2014"]
[Source "ChessBase"]
[SourceDate "2013.11.20"]
[SourceVersion "1"]
[SourceVersionDate "2013.11.20"]
[SourceQuality "1"]

1. d4 Nf6 2. Nf3 e6 3. Bg5 d5 4. Nbd2 c5 5. c3 Qb6 6. Qb3 Nc6 7. Qxb6 axb6 8. e3 Be7 9. Bd3 0-0 10. 0-0 c4 11. Bc2 b5 12. a3 h6 13. Bf4 g5 14. Bg3 Nh5 15. Ne5 Nxg3 16. hxg3 Nxe5 17. dxe5 f6 18. exf6 Bxf6 19. e4 d4 20. cxd4 Bxd4 21. Rab1 b6 22. Rfd1 Rxf2 23. Kh1 e5 24. Kh2 Bg4 0-1

[Event "Athens op 06"]
[Site "Athens"]
[Date "2012.06.27"]
[Round "5"]
[White "Ziogas, Ilias"]
[Black "Kontarinis, Andreas"]
[Result "0-1"]
[WhiteElo "1000"]
[BlackElo "1787"]
[PlyCount "84"]
[EventDate "2012.06.02"]
[EventType "swiss"]
[EventRounds "7"]
[EventCountry "GRE"]
[SourceTitle "EXT 2014"]
[Source "ChessBase"]
[SourceDate "2013.11.20"]
[SourceVersion "1"]
[SourceVersionDate "2013.11.20"]
[SourceQuality "1"]

1. d4 Nf6 2. Nf3 e6 3. Bg5 d5 4. Nbd2 c5 5. c3 Nc6 6. e3 Qb6 7. b3 Bd7 8. Bd3 cxd4 9. cxd4 Nb4 10. Be2 Rc8 11. 0-0 Be7 12. Rc1 Nxa2 13. Ra1 Nc3 14. Qe1 Nxe2+ 15. Qxe2 Bb5 16. Qd1 Bxf1 17. Qxf1 0-0 18. Qd3 h6 19. Bh4 a6 20. Ne5 g5 21. Bg3 Qb4 22. Ra4 Qc3 23. Rc4 Qxd3 24. Nxd3 dxc4 25. bxc4 Nh5 26. Be5 f6 27. g4 fxe5 28. gxh5 exd4 29. exd4 Rfd8 30. d5 exd5 31. cxd5 Rxd5 32. Ne5 Rxe5 33. Nf3 Rc1+ 34. Kg2 Rf5 35. Nd4 Rd5 36. Nb3 Rc2 37. Na1 Ra2 38. Nb3 Bc5 39. Nc1 Rxf2+ 40. Kg3 Rc2 41. Nb3 Rc3+ 42. Kg2 Rxb3 0-1

[Event "Athens op 06"]
[Site "Athens"]
[Date "2012.06.14"]
[Round "3"]
[White "Kontarinis, Andreas"]
[Black "Untiveros, Jesus Benzamin"]
[Result "0-1"]
[WhiteElo "1787"]
[BlackElo "1666"]
[PlyCount "54"]
[EventDate "2012.06.02"]
[EventType "swiss"]
[EventRounds "7"]
[EventCountry "GRE"]
[SourceTitle "EXT 2014"]
[Source "ChessBase"]
[SourceDate "2013.11.20"]
[SourceVersion "1"]
[SourceVersionDate "2013.11.20"]
[SourceQuality "1"]

1. Nf3 e6 2. c4 d5 3. e3 c5 4. cxd5 exd5 5. Bb5+ Bd7 6. Be2 Nc6 7. Qb3 Bc8 8. d3 Be7 9. Nc3 Nf6 10. 0-0 0-0 11. Bd2 b6 12. d4 c4 13. Qd1 Rb8 14. Ne5 Nxe5 15. dxe5 Ne8 16. Nb5 f6 17. Nd4 Ra8 18. Nc6 Qc7 19. Nxe7+ Qxe7 20. exf6 Nxf6 21. Bc3 Bb7 22. Qa4 Qe6 23. Bf3 Ne4 24. Bb4 Rxf3 25. gxf3 Ng5 26. Qd1 Qh3 27. Bd6 Nxf3+ 0-1